BSOP header

I believe in God the Father / (Record no. 18680)

MARC details
000 -LEADER
fixed length control field 00578nam a2200145 4500
008 - FIXED-LENGTH DATA ELEMENTS--GENERAL INFORMATION
fixed length control field 040120s1964 paum j a000 0 eng d
090 ## - LOCALLY ASSIGNED LC-TYPE CALL NUMBER (OCLC); LOCAL CALL NUMBER (OCLC)
Classification number (OCLC) (R) ; Classification number, CALL (RLIN) (NR) BX8015
Local cutter number (OCLC) ; Book number/undivided call number, CALL (RLIN) H78
100 1# - MAIN ENTRY--PERSONAL NAME
Personal name Horn, William M.
245 10 - TITLE STATEMENT
Title I believe in God the Father /
Statement of responsibility, etc by William M. Horn ; edited by Frank W. Klos ; illustrated by Rey Abruzzi.
260 ## - PUBLICATION, DISTRIBUTION, ETC. (IMPRINT)
Place of publication, distribution, etc Philadelphia :
Name of publisher, distributor, etc Lutheran Church Press,
Date of publication, distribution, etc 1964.
300 ## - PHYSICAL DESCRIPTION
Extent 191 p. :
Other physical details ill. ;
Dimensions 22 cm.
490 1# - SERIES STATEMENT
Series statement LCA weekday church school series.
650 #4 - SUBJECT ADDED ENTRY--TOPICAL TERM
Topical term or geographic name as entry element Christian education
General subdivision Textbooks
-- Lutheran.
951 ## - EQUIVALENCE OR CROSS-REFERENCE-GEOGRAPHIC NAME/AREA NAME [OBSOLETE] [CAN/MARC only]
General subdivision 00005555
951 ## - EQUIVALENCE OR CROSS-REFERENCE-GEOGRAPHIC NAME/AREA NAME [OBSOLETE] [CAN/MARC only]
-- 8903
-- BX8015/H78
-- 070613111332734
-- 2000-12-21
-- GC
Holdings
Withdrawn status Lost status Damaged status Not for loan Home library Current library Shelving location Date acquired Accession number Shelving control number Total Checkouts Full call number Barcode Date last seen Price effective from Koha item type
        BSOP Library BSOP Library GC 12/21/2000 8903 127   BX8015/H78 00005555 02/23/2013 02/23/2013 Books
BSOP

Biblical Seminary of the Philippines
  All rights Reserved
  © 2024

CONTACT INFORMATION

Biblical Seminary of the Philippines,
  77-B Karuhatan Road, Valenzuela City,
  PHILIPPINES 1441
  Phone: +632 8292-6795 / 8292-6798
  Fax : +632 8292-6675
  Email: library@bsop.edu.ph